| 000 | 00445nam a22001817a 4500 | ||
|---|---|---|---|
| 003 | SCME | ||
| 005 | 20170105095814.0 | ||
| 008 | 110526t xxu||||| |||| 00| 0 eng d | ||
| 040 | _cSCME | ||
| 100 |
_aPhilip Matthews _9488 |
||
| 245 | _aAdvanced Chemistry Physical and Industrial | ||
| 260 |
_aSouth Assia _bCambridge _c2006 |
||
| 300 | _a976p | ||
| 546 | _aEnglish | ||
| 563 | _aHBC | ||
| 650 |
_aAdvanced Chemistry _9489 |
||
| 942 |
_2ddc _cBK |
||
| 999 |
_c22 _d22 |
||